01439nam a2200361Ia 4500001001200000003000800012006001900020007001500039008004100054040002100095035002100116050002700137100002400164245014300188260007500331300001800406490003400424500002000458504004100478533015200519650003000671650002200701650002900723655002900752700002100781700002600802710001900828710003300847710001700880830003500897856012600932999001901058ebr10380850CaPaEBRm u cr cn|||||||||091006s2006 dcua sb i000 0 eng d aCaPaEBRcCaPaEBR a(OCoLC)69414114314aHF5681.C67bL68 2006eb1 aLoukoianova, Elena.10aPricing and hedging of contingent credit linesh[electronic resource] /cprepared by Elena Loukoianova, Salih N. Neftci, and Sunil Sharma. a[Washington, DC] :bInternational Monetary Fund, IMF Institute,c2006. a24 p. :bill.1 aIMF working paper ;vWP/06/13 a"January 2006." aIncludes bibliographical references. aElectronic reproduction.bPalo Alto, Calif. :cebrary,d2011.nAvailable via World Wide Web.nAccess may be limited to ebrary affiliated libraries. 0aContingencies in finance. 0aHedging (Finance) 0aLines of creditxPrices. 7aElectronic books.2local1 aNeftci, Salih N.1 aSharma, Sunil,d1958-2 aIMF Institute.2 aInternational Monetary Fund.2 aebrary, Inc. 0aIMF working paper ;vWP/06/13.40uhttp://site.ebrary.com/lib/rucke/Doc?id=10380850zAn electronic book accessible through the World Wide Web; click to view c102843d102843